Improve your I.Q.
| Main Author: | |
|---|---|
| Format: | Book |
| Published: |
London :
Future ,
1974
|
| Subjects: |
MARC
| LEADER | 00000cam a2200000 7i4500 | ||
|---|---|---|---|
| 001 | 0000000606 | ||
| 005 | 20050613.0 | ||
| 020 | |a 0860070263 | ||
| 040 | |a INS | ||
| 090 | 0 | 0 | |a BF432.A1. |b W664 1974 |
| 100 | 1 | |a Wilson, Glenn | |
| 245 | 1 | 0 | |a Improve your I.Q. |c Glenn Wilson |
| 260 | |a London : |b Future , |c 1974 | ||
| 300 | |a illp : |b 180p ; |c 18cm. | ||
| 650 | 0 | 0 | |a Intelligence tests |
| 999 | |a 0000001428 |b BOOK |c Open Shelf |e Default branch | ||